000 00292nam a2200109Ia 4500
008 220204s9999 xx 000 0 und d
082 _a621.89(035)
_bOCO
100 _aOconnor, J J
245 0 _aStandard handbook of lubricate engineering
260 _aNew York
_bMcGraw Hill
_c1968
942 _cBK
999 _c28443
_d28443